00847nam a22002657a 45000010005000000030006000050050017000110080041000280200018000690400029000870500015001160820008001311000019001392450062001582500045002202600037002653000049003024900019003515050008003705200099003785210023004775210020005006500029005207000032005494897FISKH20241023115742.0241023b cb ||||| |||| 00| 0 eng d a9780590632546 aFISKHbengcFISKHdFISKH aQB46.S9184 a520 aSteele, Philip aBlack Holes and Other Space Phenomena /cby Philip Steele aFirst Scholastic printing , October 1998 aNew York :bScholastic ;c1995 . a40 pages : bcolor illustrations ;c29 cm .  aYoung Observer aZ  aA journey to the heart of a black hole and into one of the greatest mysteries of the universe.8 a970 bLexile IG 8 aZ bRaz-Plus  ablack holesvnon-fiction aThompson, Ianeillustrator